| 000 | 00842nam a2200217Ia 4500 | ||
|---|---|---|---|
| 001 | 114241 | ||
| 003 | DR-UNIBE | ||
| 005 | 20260114101935.0 | ||
| 008 | 251128b2008 dr ||||| |||| 00| 0 spa d | ||
| 040 |
_cBIBLIOTECA UNIBE _erda |
||
| 082 | _aF-RD 6028 | ||
| 090 | _aRD-F 2822 | ||
| 110 | 2 |
_aRepública Dominicana. Leyes, decretos, etc. _9826 |
|
| 245 | 1 | 0 |
_aLey no. 108-05 : _bregistro de inmobiliario |
| 260 | 4 |
_aSanto Domingo : _bSuprema Corte de Justicia : _bDirección Nacional de Registro, _c2008 |
|
| 300 | 4 | _a49 páginas | |
| 520 | 4 | _aTexto de la Ley No. 108-05 modificada por la Ley No. 51-07 del 23 de abril del 2007 sobre registro inmobiliario en la República Dominicana | |
| 650 |
_aRegistros públicos _xLegislación _zRepública Dominicana _9201613 |
||
| 650 |
_aCatastro _zRepública Dominicana _92568 |
||
| 942 |
_2ddc _cMX |
||
| 999 |
_c114241 _d114241 |
||